[Event "Pau op"]
[Site "Pau"]
[Date "2009.02.27"]
[Round "8"]
[White "Petit, Georges"]
[Black "Maillet, Matheo"]
[Result "1-0"]
[WhiteElo "1570"]
[BlackElo "1420"]
[PlyCount "125"]
[EventDate "2009.02.24"]
[EventType "swiss"]
[EventRounds "9"]
[EventCountry "FRA"]
[SourceTitle "CBM 129 Extra"]
[Source "ChessBase"]
[SourceDate "2009.05.05"]
[SourceVersion "2"]
[SourceVersionDate "2009.05.20"]
[SourceQuality "1"]

1. Nf3 e6 2. g3 d5 3. c4 Nf6 4. cxd5 exd5 5. Nc3 c6 6. d3 Bb4 7. a3 Ba5 8. b4 Bc7 9. Bg2 0-0 10. Bg5 h6 11. Bd2 Bf5 12. 0-0 Qe7 13. Nd4 Bg6 14. f4 Bb6 15. e3 Bxd3 16. Re1 Bh7 17. Na4 Nbd7 18. Nxb6 Nxb6 19. b5 c5 20. Nb3 Nc8 21. Bc3 Rd8 22. Bxf6 gxf6 23. Qg4+ Kh8 24. Nd2 Qe6 25. Qe2 Rb8 26. e4 d4 27. f5 Qe7 28. Qh5 Qf8 29. Qh4 Qg7 30. Rac1 b6 31. e5 Bxf5 32. exf6 Qg6 33. Be4 Nd6 34. Bf3 Nxb5 35. Bh5 Qh7 36. Re7 Bg6 37. Nc4 Bxh5 38. Qxh5 Rf8 39. a4 Nc3 40. Ne5 Kg8 41. Nd7 Nxa4 42. Nxb8 Rxb8 43. Rxf7 Qxf7 44. Qxh6 Rb7 45. Qg5+ Kh7 46. Rf1 Qg6 47. Qh4+ Kg8 48. Qh3 Rf7 49. Qc8+ Kh7 50. Rf4 Rxf6 51. Rh4+ Kg7 52. Rg4 Nc3 53. Rxg6+ Rxg6 54. Qc7+ Kh6 55. Qxa7 d3 56. Qd7 c4 57. Kg2 Ne2 58. Kf2 Nc1 59. Qd4 Kh7 60. Qxc4 Rh6 61. h4 Rf6+ 62. Ke1 Rd6 63. Qf7+ 1-0